[Event "FIDE-Wch k.o."]
[Site "Groningen"]
[Date "1997.12.17"]
[Round "4.1"]
[White "Van Wely, Loek"]
[Black "Georgiev, Kiril"]
[Result "1-0"]
[WhiteElo "2655"]
[BlackElo "2670"]
[Annotator "Avrukh,B"]
[PlyCount "55"]
[EventDate "1997.12.09"]
[EventType "k.o."]
[EventRounds "7"]
[EventCountry "NED"]
[SourceTitle "CBM 063"]
[Source "ChessBase"]
[SourceDate "1998.03.26"]
[SourceVersion "1"]
[SourceVersionDate "1998.03.26"]
[SourceQuality "1"]

1. d4 {Ftacnik Tyomkin,D Van Wely} Nf6 2. c4 e6 3. Nf3 b6 4. g3 Ba6 5. Nbd2 c6
6. Bg2 d5 7. O-O Be7 8. Ne5 O-O 9. b3 Bb7 (9... Nfd7 {Avrukh,B} 10. Nd3 (10. f4
$6 Nxe5 11. fxe5 c5 12. Bb2 cxd4 13. Nf3 Bb7 14. Nxd4 Qd7 $15 {A-A
Peicheva-Adamski/Koblenz op, SW 1991 (35)}) (10. Nxd7 Nxd7 11. Bb2 b5 12. cxd5
cxd5 13. a3 Bb7 14. Nf3 a5 {Popov,L-Karner,H/Tallinn 1973/1-0 (56)}) 10... Nf6
11. Bb2 Nbd7 12. e4 dxe4 13. Nxe4 Rc8 14. Nxf6+ Bxf6 15. Qc2 Qc7 16. Rad1 $14
Rfd8 17. Rfe1 b5 $6 18. c5 $1 {[%csl Ra6]} Bb7 19. b4 a5 20. a3 Ra8 21. Qb3 Re8
22. Ne5 $1 Nf8 23. h4 $1 Ng6 24. Ng4 Ne7 25. Nxf6+ gxf6 26. d5 $1 {Boensch,
U-Votava,J/EUCup Gr4 Berlin 1996/1-0(39)}) 10. Bb2 Na6 $146 (10... Nbd7 {
Avrukh,B} 11. Nd3 (11. Rc1 {Ftacnik}) 11... Qb8 {[%cal Yb8b7,Gc6c5]} 12. Re1
Rd8 13. Qc2 dxc4 14. Nxc4 c5 15. dxc5 Bxg2 16. Kxg2 Qb7+ {1/2-1/2 Ligterink,
G-Povah,N/Wijk aan Zee II 1981}) 11. e4 $14 Rc8 (11... dxc4 12. bxc4 c5 13. d5
$16) (11... dxe4 $5 12. Nxe4 Qc7 {[%cal Gc6c5]} 13. c5 $1 $36 {[%csl Rb7][%cal
Yb2g7]}) 12. Re1 Bb4 $6 {Another inaccuracy letting white to develop the
initiative.} (12... c5 $5 13. exd5 exd5 14. Qe2 $5 {[%csl Ya6,Ye7]} (14. Nf1 {
Ftacnik /\ Nf1-e3-f5}) 14... Re8 (14... cxd4 $5 15. Bxd4 Bc5 16. Bb2 $36 {
with complicated position.}) 15. cxd5 Nxd5 16. Qh5 g6 17. Qf3 $13) (12... dxe4
{Ftacnik} 13. Nxe4 Qc7 14. Nxf6+ Bxf6 15. Qf3 $14) 13. exd5 cxd5 (13... exd5 {
Ftacnik} 14. a3 $14) 14. a3 Bxd2 {Ftacnik: This idea is clearly dubious, black
gives up his valuable bishop in the hope to attack the "hanging pawns" c4-d4.
Unfortunatelly in combination with the displaced a6 knight and potential
opening of a1-h8 diagonal it is connected with great the risk.} (14... Bd6 {
Ftacnik} 15. Qe2 $14) 15. Qxd2 $16 {^^} Qc7 (15... Qe7 {Ftacnik} 16. Rac1 $14 (
16. a4 {Van Wely} Rfd8 (16... dxc4 17. Ba3 c3 18. Qd3 Qc7 19. Bxb7 Qxb7 20.
Bxf8 Kxf8 21. Nc4 Nd5 22. Qxh7) 17. Ba3 Qc7 18. Rac1 dxc4 19. Rxc4 (19. bxc4)
19... Qb8 (19... Nc5 20. Qc2 Bxg2 21. Kxg2 Qb7+ 22. f3 {/\ 23.Nc6, 24.Ne7+})
20. Be7 $1)) 16. Rac1 dxc4 (16... Qb8 $5 17. Qg5 $1 dxc4 18. Bxb7 Qxb7 19. bxc4
{with rich attacking possibilities.}) 17. Rxc4 (17. bxc4 $6 Bxg2 18. Kxg2 Qb7+
19. f3 b5 20. c5 Nb8 $15) 17... Qe7 (17... Qb8 {Ftacnik} 18. Nc6 (18. d5 {
Van Wely} exd5 19. Ng4 $1) 18... Bxc6 19. Bxc6 $14) {[%tqu "En","","","",
"d4d5","",10]} 18. d5 $1 {[%cal Gb2g7,Ge1e7] By this typical pawn sacrifice
white opens /^b2-g7 and<->d and e getting strong initiative. Ftacnik: Rarely
has one move more tactical implications, the impact of all white's pieces is
suddenly maximized.} Nxd5 (18... Bxd5 19. Ng4 $1 (19. Bxd5 Nxd5 20. Ng4 h5 (
20... Nac7 21. Nh6+ Kh8 22. Nf5 exf5 23. Rxe7 Nxe7 24. Qd7 Ncd5 25. Qxa7 $13) (
20... Rxc4 21. bxc4 Ndc7 22. Bxg7 $18) 21. Rxc8 (21. Bxg7 {Ftacnik} Kxg7 22.
Qh6+ Kg8 23. Re5 f6 24. Nxf6+ Qxf6 25. Rg5+ Qxg5 26. Qxg5+ $18) 21... Rxc8 22.
Nh6+ (22. Qd4 Qg5 $18) 22... gxh6 23. Qxd5 exd5 24. Rxe7 Rc7 25. Re5 $14) 19...
Bxc4 20. Bxf6 gxf6 21. Qh6 Bd3 22. Nxf6+ Kh8 23. Be4 $1 $18) (18... Rxc4 $5 {
Ftacnik} 19. d6 (19. bxc4 Rd8 20. Qc3 Nc5 21. Ng4 Ne8 $13) 19... Qd8 20. Bxb7
Nc5 21. Nxc4 Nxb7 $14) (18... exd5 {Ftacnik} 19. Rxc8 (19. Ng4 {Van Wely} Ne4
20. Bxe4 dxe4 21. Bxg7) 19... Rxc8 20. Nc6 $1 $18) (18... Rfd8 {Ftacnik} 19.
Rxc8 Bxc8 20. Nc6 $18) (18... Rcd8 {Ftacnik} 19. Ng4 Nxg4 20. Rxg4 f6 21. Rxe6
Qxe6 22. Rxg7+ Kh8 23. Rxh7+ Kxh7 24. Qc2+ $18) {[%tqu "En","How white can
develop the initiative?","","","e5g4","",10]} 19. Ng4 $1 {[%cal Rb2g7]
Suddenly black is helpless against numerous threats.} h5 (19... f5 20. Rxc8 (
20. Bxd5 {Ftacnik} Bxd5 21. Qxd5 Qf7 (21... Nc7 22. Rxc7 Qxc7 23. Rxe6 $18) 22.
Nh6+ gxh6 23. Qd4 $18) 20... Rxc8 21. Bxd5 Bxd5 22. Qxd5 fxg4 23. Rxe6 Qf7 24.
Qg5 Rf8 25. Rf6 Qe8 26. Rxf8+ Qxf8 27. Qxg4 $18) (19... Qd8 {Ftacnik} 20. Nh6+
(20. Bxd5 {Van Wely} Rxc4 (20... Qxd5 21. Nf6+) 21. bxc4 exd5 22. Bf6 {/\ 23.
Qg5} gxf6 23. Qh6) 20... Kh8 21. Bxg7+ Kxg7 22. Rg4+ Kh8 23. Rg8+ $1 Rxg8 24.
Nxf7+ Kg7 25. Nxd8 Rcxd8 26. Rxe6 $18) (19... Rfd8 {Ftacnik} 20. Bxd5 (20. Nh6+
{Van Wely} gxh6 21. Qxh6 f6 (21... f5 22. Rxe6) 22. Rg4+ Kh8 23. Bxd5) 20...
Rxc4 21. bxc4 $18) (19... Rxc4 {Ftacnik} 20. bxc4 f5 21. Nh6+ gxh6 22. cxd5 $18
) {[%tqu "En","","","","b2g7","",10]} 20. Bxg7 $1 {[%cal Rd2h6] Dutch GM
finishes the game by another brilliant sacrifice! Black is allowed to take the
B or N,but everything leads to the same. Ftacnik: There we already several
road to Rome, but the blow on g7 has a symbolic value. Black is severely
punished for giving up his bishop.} (20. Bxd5 {Ftacnik} Rxc4 21. Nh6+ gxh6 (
21... Kh7 22. Bxc4 gxh6 23. Qd3+ $18) 22. Qxh6 $18) 20... Kxg7 (20... hxg4 21.
Rxg4 f5 22. Bxf8+ Kxf8 23. Qh6+ Ke8 24. Rg8+ (24. Rg7 $18 {Ftacnik}) 24... Kd7
25. Rg7 $18) (20... Rxc4 {Ftacnik Van Wely} 21. Bxf8 Kxf8 22. bxc4 hxg4 23.
cxd5) 21. Qh6+ Kg8 22. Bxd5 Bxd5 (22... Rxc4 {Ftacnik} 23. Nf6+ Qxf6 24. Qxf6
exd5 25. bxc4 $18) (22... f5 {Ftacnik} 23. Rxe6 $18) 23. Nf6+ Qxf6 24. Qxf6
Bxc4 25. Qg5+ Kh8 26. Qxh5+ Kg8 27. Qg5+ Kh8 28. Re4 (28. Re4 {Ftacnik} Bd3 29.
Rh4+ Bh7 30. Qh6 Rc1+ 31. Kg2 $18) 1-0

[Event "Moscow Aeroflot op-A"]
[Site "Moscow"]
[Date "2006.02.12"]
[Round "5"]
[White "Sargissian, Gabriel"]
[Black "Efimenko, Zahar"]
[Result "1-0"]
[WhiteElo "2603"]
[BlackElo "2666"]
[Annotator "Avrukh,B"]
[PlyCount "91"]
[EventDate "2006.02.08"]
[EventType "swiss"]
[EventRounds "9"]
[EventCountry "RUS"]
[SourceTitle "CBM 112"]
[Source "ChessBase"]
[SourceDate "2006.06.07"]
[SourceVersion "1"]
[SourceVersionDate "2006.06.07"]
[SourceQuality "1"]

1. d4 Nf6 2. c4 e6 3. Nf3 b6 4. g3 Ba6 5. b3 Bb4+ 6. Bd2 Be7 7. Bg2 c6 8. Ne5
d5 9. Bc3 Nfd7 10. Nxd7 Nxd7 11. Nd2 O-O 12. O-O Rc8 13. e4 b5 14. Re1 dxe4 15.
Nxe4 $5 {The fashion for this move is starting to return and not without
reason. White's latest attempts to fight for advantage with 15.Bxe4 were not
too successful, so 15.Nxe4 is a natural choice to look for improvements.} (15.
Bxe4 bxc4 16. bxc4 c5 (16... Nb6 17. Qb3 (17. c5 Nd5 18. Qc2 h6 19. Bg2 Rb8 20.
Nf3 Bf6 21. Bd2 Rb7 22. Rad1 Bb5 23. h4 Rd7 $11 {1/2-1/2 Bacrot,E-Efimenko,Z/
Saint Vincent 2005 (33)}) 17... c5 18. d5 Bf6 19. Rad1 exd5 20. Bxf6 Qxf6 21.
cxd5 Rfd8 22. Bg2 c4 23. Qa3 Bb7 24. Ne4 Qg6 25. Nc3 $16 {1-0 Nielsen,
P-Carlsen,M/Aalborg 2006 (39)}) 17. d5 exd5 18. Bxd5 Bf6 19. Ne4 Bxc3 20. Nxc3
Nb6 21. Re4 Re8 $11 {1/2-1/2 Bacrot,E-Leko,P/Morelia/Linares 2006 (28)}) 15...
bxc4 16. Bf1 $5 {Another promising try is 16.Qe2, which probably poses Black
more problems, than a move in the game, but also after 16.Bf1 Black's task
isn't easy at all.} (16. Qe2 $5 Nf6 17. Red1 (17. Rac1 Nxe4 18. Bxe4 Bf6 19.
Red1 Qe7 20. Qh5 g6 21. Qa5 Qb7 22. bxc4 Bxc4 23. Bb4 Qb5 24. Qxb5 cxb5 $44 {
Vyzhmanavin,A-Magerramov,E Cheliabinsk 1991}) 17... Nxe4 18. Bxe4 Qd6 19. bxc4
Bf6 20. Qh5 h6 $1 21. Qa5 c5 $11 {1/2-1/2 Khalifman,A-Lutz,C/Groningen 1993/
CBM 039/[Khalifman] (23)}) 16... Nb6 17. Nc5 Nd5 18. Qf3 Nxc3 19. Qxc3 Qb6 ({
After} 19... Bxc5 20. dxc5 Qe7 21. Qa5 $1 {[%csl Ra6]} (21. b4 Rfd8 22. Rad1
Rxd1 23. Rxd1 Rd8 $11) 21... Qb7 22. Red1 (22. a4 $5) 22... Qb5 23. Qa3 Qb7 24.
Rd6 $14 {White is clearly better so Black is forced to play 19...Qb6.}) 20. b4
{Up to this point the players were following an earlier game: Komarov,
D-Smirnov,P/Saint Vincent 2005, in which a draw was agreed in this position.}
Rfd8 21. a4 Bxc5 $6 {After the move in the game Black is doomed to passive
defense, so more appealing looks:} (21... Bf6 $5 {[%csl Rd4]} 22. Red1 Rd6 23.
a5 (23. Rd2 Rcd8 24. Rad1 h6 $11) 23... Qb5 24. Ne4 Rd5 25. Nxf6+ gxf6 26. Rac1
Rcd8 $11) 22. dxc5 Qc7 23. Rab1 {[%cal Gb4b5]} Rb8 24. Bxc4 Bxc4 25. Qxc4 Rd5
26. Red1 h6 {Probably the correct decision. After} (26... Rbd8 27. Rxd5 Rxd5 (
27... cxd5 28. Qc2 d4 29. b5 d3 30. Qc3 e5 31. c6 $14) 28. Rc1 (28. b5 $6 cxb5
29. Qxb5 g5 $1 30. Qb8+ $140 Qxb8 31. Rxb8+ Kg7 32. Rc8 Rd1+ 33. Kg2 Ra1 $15)
28... h5 29. b5 $14 {White keeps an edge.}) 27. Rxd5 exd5 28. Qd4 a6 {Now
White will have to sacrifice a pawn on b5 in order to break through on the
queenside.} 29. Kg2 Qe7 30. Rb3 $1 {[%cal Gb3e3]} Qb7 31. h4 Re8 32. Re3 Rb8 ({
There is no easy draw after} 32... Rxe3 33. fxe3 (33. Qxe3 Qxb4 34. Qe8+ Kh7
35. Qxc6 Qe4+ 36. Kh2 Qf5 $11) 33... a5 $1 34. bxa5 (34. b5 cxb5 35. axb5 Qxb5
36. Qxd5 a4 $11) 34... Qa6 35. Kf2 Qxa5 36. h5 $14 {[%cal Gf2e2,Ge2d1,Gd1b3,
Gd4b4]}) 33. h5 $1 Kf8 (33... Qxb4 $2 34. Re8+ Kh7 35. Qd3+ $18) 34. Qe5 Rd8
35. b5 $1 {White pieces are perfectly placed so there is no need to delay the
break-through.} axb5 36. axb5 d4 (36... cxb5 37. c6 Qa8 38. c7 d4+ 39. Re4) 37.
Re4 cxb5 38. c6 Qa8 39. c7 Rc8 40. f3 d3 $2 ({It seems that Black missed a
draw with his last move. After the correct} 40... Qa2+ $1 {I didn't manage to
find a winning line for White.} 41. Re2 (41. Kg1 Qb1+ 42. Re1 Qb4 $13) (41. Kh3
$6 Qe6+) 41... Qc4 42. Qe7+ Kg8 43. Qe8+ Kh7 44. Qxc8 Qxe2+ 45. Kh3 Qxf3 $11)
41. Rd4 $18 Re8 (41... d2 42. Rd7 $1 $18) 42. Qd6+ Kg8 43. Qd8 Qa2+ 44. Kh3
Qe6+ 45. g4 d2 46. Re4 $1 {Excellent technique by the Armenian GM!} 1-0

[Event "Donetzk zt"]
[Site "Donetsk"]
[Date "1998.11.03"]
[Round "2"]
[White "Ovsejevitsch, Sergei"]
[Black "Komarov, Dimitri"]
[Result "1/2-1/2"]
[WhiteElo "2500"]
[BlackElo "2570"]
[Annotator "Avrukh,B"]
[PlyCount "84"]
[EventDate "1998.11.02"]
[EventType "swiss"]
[EventRounds "11"]
[EventCountry "UKR"]
[SourceTitle "CBM 068"]
[Source "ChessBase"]
[SourceDate "1999.02.01"]
[SourceVersion "1"]
[SourceVersionDate "1999.02.01"]
[SourceQuality "1"]

{[%mdl 944]} 1. d4 Nf6 2. c4 e6 3. Nf3 b6 4. g3 Ba6 5. b3 Bb4+ 6. Bd2 Be7 7.
Bg2 c6 8. Bc3 d5 9. Ne5 Nfd7 10. Nxd7 Nxd7 11. Nd2 O-O 12. O-O Nf6 13. e4 (13.
Rc1 $5 {another line}) 13... b5 14. Re1 dxe4 15. Qc2 (15. Rc1 Rc8 16. c5 b4 $1
(16... Nd5 $143 17. Rxe4 Nxc3 18. Rxc3 f5 19. Rxe6 Qxd4 20. Rc1 Bxc5 21. Qe2
Bb6 22. Nf3 Qg4 23. Rd1 {[%cal Rd1d7,Re2e7]} f4 24. h3 $1 $16 b4 $2 {1-0
Karpov,A-Portisch,L/Rotterdam 1989/CBM 13 (44)} (24... Qxg3 25. Kf1 Bxf2 26.
Qxf2 b4+ 27. Kg1 Qxf2+ 28. Kxf2 $16) (24... Qf5 25. g4 Qf7 26. Ng5 Qb7 $16) 25.
hxg4 $18) 17. Bb2 $8 (17. Bxb4 Nd5 $15) 17... Bd3 18. Nxe4 Bxe4 19. Bxe4 Qd7 (
19... Nxe4 20. Rxe4 Bf6 21. Qe2 Qd5 22. Rc4 a5 23. Bc1 $14 {[%cal Gc1f4,Gf4e5]}
) 20. Rc4 {[%cal Gb2c1,Gc1f4]} a5 21. Bc1 Nd5 22. Bxd5 $1 {[%csl Rc3]} exd5 23.
Rc2 Bf6 24. Rce2 Rfe8 $11 {Jussupow,A-Karpov,A/London 1989, (44)(1/2:1/2)})
15... Rc8 16. Rad1 Nd5 (16... h6 17. Bf1 Qd7 18. Nxe4 Nxe4 19. Qxe4 bxc4 20.
bxc4 Bf6 21. Bb4 {[%cal Gb4c5]} Rfd8 22. Bc5 Be7 23. Qc2 {[%csl Ra6][%cal
Gc2a4]} Bb7 $8 {[%csl Ra7]} 24. Qa4 Rc7 25. Bg2 Ba8 26. h4 {White has clear
advantage: bishop on a8 has no moves,pawn on c6 is weak.If black will change
bishop e7 on bishop c5 white will control line "d" because of point on d6.} h5
{[%csl Ra8,Rc6,Gg2] 1/2-1/2 Beliavsky,A-Chandler,M/Moscow 1990/TD 90\03 (61)}
27. Bf3 $16) 17. Bxe4 (17. cxd5 cxd5 18. a3 Bxa3 (18... b4 19. axb4 Bxb4 20.
Nb1 Bd3 21. Qb2 Bxc3 22. Nxc3 Qf6 $44 {[%csl Rd4]}) 19. Qa2 Qd6 20. Bb2 Bb4 $44
{[%csl Rd4][%cal Gc8c2]}) 17... Nxc3 18. Qxc3 Bf6 19. Qc2 (19. c5 Bxd4 20. Qc2
f5 21. Bg2 Qf6 22. Nf3 Bc3 23. Re3 b4 24. Rd6 Rfe8 25. a3 f4 $2 (25... Bb5 {
[%cal Ga7a5]} 26. axb4 Bxb4 $132 {[%csl Gb4,Gb5][%cal Gc8d8]}) 26. gxf4 Qf5 27.
Qxf5 exf5 28. Rxe8+ Rxe8 29. axb4 Bxb4 30. Rxc6 $16 {1-0 Van der Sterren,
P-Hoeksema,H/NLD-chT 1993/EXT 93ch (37)}) 19... g6 $146 (19... bxc4 20. bxc4
Bxd4 $2 (20... g6 21. Nf3 {Like in the game.}) (20... Qxd4 $5 21. Bxh7+ Kh8 22.
Ne4 Qxc4 23. Nxf6 gxf6 24. Rd7 f5 (24... Qxc2 25. Bxc2 $14 {[%csl Ra7,Gd7]})
25. Bxf5 exf5 26. Qxf5 Rfe8 27. Qh5+ Kg8 28. Qg5+ Kh7 29. Qh5+ $11) 21. Nb3 c5
22. Bxh7+ Kh8 23. Re4 g6 24. Nxd4 cxd4 25. Rdxd4 Qg5 26. Bxg6 $1 fxg6 27. Rxe6
Bb7 28. Rd7 {1-0 Novikov,I-Fusthy,Z/Cattolica 1993/TD 93\07 (28)}) 20. Nf3 bxc4
21. bxc4 Qa5 22. c5 $1 $14 {[%csl Rc6][%cal Gf3e5]} (22. Ne5 Bxe5 23. dxe5 Qc5
$11 {[%csl Rc4]}) 22... Rfd8 23. Qc1 {[%cal Gc1f4]} Bb5 (23... Qxa2 24. Qf4 Kg7
25. Ne5 Bxe5 26. dxe5 Rxd1 27. Rxd1 $40 {[%csl Rf7,Rg7][%cal Gd1d7,Gf4f6,Gh2h4,
Gh4h5,Gh5h6,Gh5g6]}) 24. h4 Rd7 25. Ne5 $1 (25. Qf4 $6 Bxd4 (25... Bg7 $5 26.
Ne5 $140 Bxe5 27. dxe5 Rcd8 $1 {[%csl Re1][%cal Ga5e1]}) 26. Bxg6 hxg6 27. Rxd4
Rxd4 28. Qxd4 Qxa2 29. Ng5 $40 {[%csl Rf6,Rg7,Rh6]}) 25... Bxe5 26. dxe5 Rxd1 (
26... Rcd8 27. Rd6 $16) 27. Rxd1 Qxa2 28. Rd7 {[%csl Rf6,Rg5,Rg7,Rh6] Now
black won the pawn,but white rook пг absolutely control of line "d" and 7-th
line. Ovsejevitsch gived up the pawn on queen side for attacking the black's
king.The pawn structure (black squares) is very weak,so white has all chances
for a successful attack.} Rf8 29. Qf4 a5 30. h5 Qe2 31. h6 Qh5 32. Kg2 a4 33.
Ra7 $22 {Now black has some problems with finding move to do...zugzwang?!} Qd1
34. Qf6 Bf1+ 35. Kh2 (35. Kg1 $2 Bd3+ 36. Kh2 Qh5+ 37. Kg1 Qd1+ $11) 35... Qh5+
36. Kg1 Qxh6 37. Kxf1 Qc1+ 38. Kg2 a3 {Unbelievable ,but extra piece isn't
enough for white's win.} 39. Qf3 (39. Qe7 $2 a2 $1 (39... Qc4 $2 40. Bxc6 a2
41. Bf3 $18 {[%cal Gc5c6]}) 40. Rxa2 Qc4 41. Bb1 Qd5+ 42. Kh2 Qb3 43. Ra1 Qb2 {
[%cal Gb2f2]}) (39. Qf4 $5 Qxc5 40. Ra6 Rc8 41. Bf3 Kg7 (41... Rc7 $4 {[%cal
Gc7a7]} 42. Ra8+ Kg7 43. Qf6+ Kh6 44. Ra4 $18 {[%cal Ra4h4]}) 42. Qe3 Qxe3 43.
fxe3 c5 44. Rxa3 {[%csl Rc5][%cal Gg2f2,Gf2e2,Ge2d3,Gd3c4]} (44. Bd1 Rd8) 44...
c4 45. Rc3 Rc5 $11) 39... Qxc5 40. Rxa3 Qxe5 41. Bxc6 h5 42. Ra7 Kg7 {White
has some advantage,but it,s not enough for the win.} 1/2-1/2

[Event "Elgoibar 08th"]
[Site "Elgoibar"]
[Date "1998.11.29"]
[Round "9"]
[White "Fernandes, Antonio ETG"]
[Black "Ubilava, Elizbar"]
[Result "1-0"]
[WhiteElo "2480"]
[BlackElo "2540"]
[Annotator "Avrukh,B"]
[PlyCount "56"]
[EventDate "1998.11.11"]
[EventType "tourn"]
[EventRounds "9"]
[EventCountry "ESP"]
[EventCategory "10"]
[SourceTitle "CBM 069"]
[Source "ChessBase"]
[SourceDate "1999.04.01"]
[SourceVersion "1"]
[SourceVersionDate "1999.04.01"]
[SourceQuality "1"]

1. d4 Nf6 2. c4 e6 3. Nf3 b6 4. g3 Bb4+ 5. Bd2 a5 6. Bg2 O-O 7. Ne5 $5 (7. O-O
{is more popular line.}) 7... Ra7 8. O-O (8. Nd3 $6 c5 $1 (8... Be7 9. Nc3 c6
10. e4 Ba6 11. e5 $16) 9. Nxb4 (9. Nc3 $5 Ba6 $1 $13) (9. Bxb4 axb4 10. dxc5
$140 bxc5 11. Nxc5 Qc7 $15) 9... axb4 10. Bf4 d6 $8 11. dxc5 (11. d5 e5 $15)
11... bxc5 12. O-O (12. Bxd6 Rd7 $19) (12. Qxd6 Rd7 $19) 12... Ne8 {[%csl Ra2,
Rf4]} (12... Rd7 13. a3) 13. Nd2 e5 14. Be3 Qe7 $2 {1/2-1/2 Epishin,V-Lobron,E/
Biel 1993/CBM 37 (44) >= 14. ...f5 =/+}) 8... Bb7 (8... d6 {I think the
simpliest way to equalize for black.} 9. Nd3 Bxd2 10. Nxd2 (10. Qxd2 Bb7 11.
Nc3 Bxg2 12. Kxg2 c5 {and black has no problems at all f.e:} 13. Ne1 {[%cal
Ge1f3]} cxd4 14. Qxd4 Nc6 15. Qd2 Rd7 16. Nf3 d5 {1/2-1/2 Agzamov,G-Jussupow,A/
Frunze 1981/URS-ch (24)}) 10... c5 11. e3 (11. dxc5 bxc5 $11) 11... Nbd7 (11...
Bb7) 12. Rc1 Bb7 13. Bxb7 Rxb7 14. Qf3 Rc7 15. Ne4 Qa8 16. Nxf6+ Nxf6 17. Qxa8
{1/2-1/2 Kavalek,L-Hort,V/Wijk aan Zee 1982/MCD-r8 (17)}) (8... Ba6 $5) 9. Qa4
{[%mdl 8]} (9. Bxb7 Rxb7 10. Bf4 {[%csl Rb4][%cal Gc4c5,Ga2a3]} Be7 11. Nc3 c6
$6 (11... d6 $142 12. Nf3 {[%cal Ge2e4]} (12. Nd3 c5 $13) 12... d5 $13 (12...
c5 13. d5 $14)) 12. e4 b5 13. cxb5 cxb5 14. Ng4 $1 b4 15. Nxf6+ Bxf6 16. Ne2 (
16. Na4 $5) 16... d6 17. Qa4 Qb6 18. Rac1 $6 (18. Be3 $142 $14) 18... h6 $2 (
18... Bxd4 $1 19. Nxd4 Qxd4 20. Rfd1 Qxe4 21. Bxd6 Rd8 22. Bf4 $11 (22. Be7
Rxd1+ 23. Rxd1 h6)) 19. Rfd1 $14 {[%csl Ra5,Gc6,Rd6] 1-0 Ippolito,D-Inocencio,
E/Philadelphia 1997/EXP 60 (31)}) (9. Bg5 Bxg2 10. Kxg2 Be7 11. Nc3 h6 (11...
d6 12. Bxf6 $5 Bxf6 13. Ng4 {[%cal Ge2e4]} c5 (13... Be7 14. e4 $14) 14. Nxf6+
Qxf6 15. d5 $14) 12. Bxf6 Bxf6 13. Nf3 d6 (13... d5 14. cxd5 exd5 15. Qb3 c6
16. Rac1 Re8 17. e3 $14 {[%csl Gb6,Gc6][%cal Gc3a4]}) 14. e4 Be7 15. Qd2 $14 {
1-0 Hochgraefe,M-Stelting,T/OLNN9697 1997/EXT 97 (70)}) 9... Bxg2 10. Kxg2 Bxd2
11. Nxd2 c5 $1 (11... d6 12. Nef3 (12. Nd3 c5 {and black has comfortable
position.}) 12... e5 $5 (12... c5 13. e4 $14) 13. e4 (13. dxe5 dxe5 14. Rfd1
Qe8 $1 (14... Qe7 15. Nf1 {[%cal Gf1e3,Ge3f5,Ge3d5]}) 15. Qb3 Nbd7 $11) 13...
Nbd7 14. Qc2 $14) 12. Nef3 (12. Ndf3 d6 13. Nd3 Qd7 14. Qxd7 Rxd7 15. Rfd1 Nc6
$11) 12... Nc6 13. Nb3 (13. e3 Qa8 $1 {[%cal Ga8g2]} 14. Kg1 cxd4 15. exd4 d5
$11) 13... Nxd4 (13... Ne4 $142 14. d5 Ne7 15. Rfd1 Nf5 16. Nbd2 $14) 14. Nbxd4
cxd4 15. Nxd4 d5 16. Rac1 (16. Nc6 $140 $2 Qd7 {[%cal Gd7a4]}) 16... Rc7 17.
Rfd1 $2 (17. cxd5 Qxd5+ 18. Nf3 $11) 17... Rxc4 $2 (17... Qc8 {[%cal Gc7c1]}
18. b3 (18. Nb5 Rc5 $1 (18... Rxc4 19. Rxc4 dxc4 (19... Qxc4 20. Qxc4 dxc4 21.
Na3 $11) 20. Nd6 Qa8+ 21. Kg1 $11) 19. b3 e5 $1 $17 {[%csl Ga4]}) 18... Rc5 {
and black's pressure on c-file is very unpleasant for white.}) 18. Rxc4 dxc4
19. Nc6 Qa8 20. Rd4 $6 (20. Qxc4 Rc8 21. Rc1 Nd7 22. f3 {[%cal Gc6e7]} Kh8 23.
Qb5 $14) 20... c3 21. bxc3 Nd5 $2 {[%mdl 8192] Very serious blunder,after,
which black gets almost losing position by forced.} (21... Rc8 22. Rc4 Qb7 {
[%cal Gb6b5]} 23. Kg1 (23. f3 $2 Nd5 $19 {[%csl Re3]}) (23. Qb5 Ne8) 23... b5
24. Ne7+ Kf8 25. Rxc8+ Kxe7 $1 26. Qa3+ b4 27. cxb4 Qxc8 28. bxa5+ Kd7 29. a6
Qa8 30. a7 $44 {and i think white's compensation must be enough for the draw.})
22. e4 $16 Nc7 {[%csl Rc7]} (22... Nxc3 23. Qc4 Nxa2 (23... Nb1 24. Qc1 Qb7 25.
Rd6 $18) 24. Ne7+ Kh8 25. Qxa2 Qb7 26. Qa3 Re8 27. Qd6 $1 $18) (22... Nf6 $142
23. Qb5 {[%csl Rb6]} Qb7 24. Nxa5 Qa8 25. Nc6 Qxa2 26. Qxb6 $16) 23. Rd7 b5 24.
Ne7+ Kh8 25. Qd4 $1 Qb8 (25... Ne8 26. Rd8 (26. Ra7 Qb8 27. Rxa5 $16) 26... Qb7
27. Qc5 $1 {[%csl Rf8][%cal Ge7g6]} Qxe4+ 28. Kh3 Qf3 29. Qxb5 $18) 26. Nc6 Qc8
27. Nd8 f6 28. Qd6 Kg8 {and black resighned in this position not waiting for
coming 28Qe7} 1-0